Movies Quiz

Random Movies or Quote Quiz

'00s Movies by Quote Quiz Stats

 Plays Quiz Updated Jul 10, 2018

Challenge
Share
Tweet
Score 0/20 Timer 05:00
18 Plays Today
% Correct
Elf
96%
The Lord of the Rings:
The Fellowship of the Ring
94.6%
Finding Nemo
93.5%
The Devil Wears Prada
89.8%
The Hangover
87.7%
Mean Girls
87.7%
The Dark Knight
87.5%
Harry Potter and
the Sorcerer's Stone
86.1%
Zoolander
84.3%
V For Vendetta
80.8%
% Correct
Brokeback Mountain
78.7%
Gladiator
78.5%
Pirates of the Caribbean:
The Curse of the Black Pearl
76.9%
Shrek
72.5%
The 40-Year-Old Virgin
70.9%
Slumdog Millionaire
69.8%
My Big Fat Greek Wedding
69.3%
No Country for Old Men
66.4%
Donnie Darko
63%
Memento
53.8%

You're not logged in!

Compare scores with friends on all Sporcle quizzes.
OR
Log In

You Might Also Like...

Show Comments

Extras

Top Quizzes Today


Score Distribution

Your Account Isn't Verified!

In order to create a playlist on Sporcle, you need to verify the email address you used during registration. Go to your Sporcle Settings to finish the process.

Report this User

Report this user for behavior that violates our Community Guidelines.

Details: